Человек. Гражданин. Ученый (Запись № 136416)

Подробности
000 -МАРКЕР
контрольное поле 02174nam0a2200337 4500
001 - ИДЕНТИФИКАТОР ЗАПИСИ
контрольное поле RU\NLR\bibl\1234432
005 - ИДЕНТИФИКАТОР ВЕРСИИ
контрольное поле 20260407183642.0
021 ## - НОМЕР ГОСУДАРСТВЕННОЙ РЕГИСТРАЦИИ
Код страны Российская Федерация
Номер 2008-26319
Номер Листа государственной регистраци 1451
035 ## - ДРУГИЕ СИСТЕМНЫЕ НОМЕРА
Идентификатор записи (NLR Aleph) 001220682
100 ## - ДАННЫЕ ОБЩЕЙ ОБРАБОТКИ
Данные общей обработки 20080530d2007 |||y0rusy50 ca
101 0# - ЯЗЫК РЕСУРСА
Язык текста, звукозаписи и т.д. русский
-- чувашский
102 ## - СТРАНА ПУБЛИКАЦИИ ИЛИ ПРОИЗВОДСТВА
Страна публикации Российская Федерация
105 ## - ПОЛЕ КОДИРОВАННЫХ ДАННЫХ: ТЕКСТОВЫЕ МАТЕРИАЛЫ, МОНОГРАФИЧЕСКИЕ
Кодированные данные о монографическом текстовом документе a |||||||||
200 1# - ЗАГЛАВИЕ И СВЕДЕНИЯ ОБ ОТВЕТСТВЕННОСТИ
Основное заглавие Человек. Гражданин. Ученый
Сведения, относящиеся к заглавию (ЧГУ - 2007)
-- сборник трудов конференции Открытого фестиваля студенческой молодежи, посвященной 40-летию Чувашского государственного университета имени И. Н. Ульянова
Первые сведения об ответственности [редкол.: ... к. ист. н., проф. Т. Н. Иванова - отв. ред. и др.]
210 ## - ПУБЛИКАЦИЯ, РАСПРОСТРАНЕНИЕ И ДР.
Место издания, распространения и т.д. Чебоксары
Имя издателя, распространителя и т. д. Изд-во Чувашского университета
Дата издания, распространения и т.д. 2007
215 ## - ФИЗИЧЕСКАЯ ХАРАКТЕРИСТИКА
Специфическое обозначение материала и объем 246 с.
Другие сведения о физической характеристике ил.
Размеры 21
300 ## - ОБЩИЕ ПРИМЕЧАНИЯ
Текст примечания В надзаг.: М-во образования и науки Рос. Федерации, Федер. агентство по образованию, Федер. гос. образоват. учреждение высш. проф. образования "Чуваш. гос. ун-т им. И.Н. Ульянова"
300 ## - ОБЩИЕ ПРИМЕЧАНИЯ
Текст примечания Часть текста на чуваш. яз.
320 ## - ПРИМЕЧАНИЯ О НАЛИЧИИ В ДОКУМЕНТЕ БИБЛИОГРАФИИ / УКАЗАТЕЛЯ
Текст примечания Библиогр. в конце докл.
601 02 - НАИМЕНОВАНИЕ ОРГАНИЗАЦИИ КАК ПРЕДМЕТ
Начальный элемент ввода Чувашский государственный университет им. И.Н. Ульянова
Идентифицирующий признак Чебоксары, город
Формальный подзаголовок Сборники
Тематический подзаголовок Научные конференции студентов
Системный номер авторитетной/нормативной записи 2158541
Идентификатор авторитетной/нормативной записи RU\NLR\auth\661299237
686 ## - ИНДЕКСЫ ДРУГИХ КЛАССИФИКАЦИЙ
Индекс Я431(2Р)31
702 #1 - ИМЯ ЛИЦА - ВТОРИЧНАЯ ОТВЕТСТВЕННОСТЬ
Код отношения Редактор
Материалы, к которым относится поле rus
Графика поля Кириллица
Начальный элемент ввода Иванова
Часть имени, кроме начального элемента ввода Т. Н.
Дополнения к именам, кроме дат д-р ист. наук
Даты 1956-
Расширение инициалов личного имени Татьяна Николаевна
Идентификатор авторитетной/нормативной записи RU\NLR\AUTH\7768480
Системный номер авторитетной/нормативной записи 51408
711 12 - НАИМЕНОВАНИЕ ОРГАНИЗАЦИИ - АЛЬТЕРНАТИВНАЯ ОТВЕТСТВЕННОСТЬ
Код отношения Автор
Начальный элемент ввода "ЧГУ-2007", открытый фестиваль
Место проведения временной организации Чебоксары
Идентификатор авторитетной/нормативной записи RU\NLR\AUTH\8810119323
Системный номер авторитетной/нормативной записи 737276
801 #0 - ИСТОЧНИК ЗАПИСИ
Страна Российская Федерация
Организация NLR
Дата составления 20080530
Правила каталогизации RCR
801 #1 - ИСТОЧНИК ЗАПИСИ
Страна Российская Федерация
Организация NLR
Дата составления 20080530
942 ## - ДОПОЛНИТЕЛЬНЫЕ ЭЛЕМЕНТЫ ЗАПИСИ (АБИС)
Тип экземпляра АБИС Книга
980 ## - КОЛЛЕКЦИЯ
Название коллекции Национальная библиография
Экземпляры
Тип экземпляра Дата поступления Источник поступления Библиотека постоянного хранения Библиотека текущего хранения Место хранения Шифр хранения Штрих-код Статус экземпляра
Книга 30.05.2008 Обязательный экземпляр РНБ (Московский) РНБ (Московский) Русский книжный фонд: издания с 1957 года 2008-3/15870 2684706  
Книга 30.05.2008 Обязательный экземпляр РНБ (Московский) РНБ (Московский) Русский книжный фонд: издания с 1957 года 2008-3/15870 2684707